| 000 | 00330nam a22001337a 4500 | ||
|---|---|---|---|
| 020 | _qPB. | ||
| 040 | _cFIZZA ISHAQ | ||
| 082 |
_a363.583 _bJEN |
||
| 100 |
_aSTEPHEN,JENNIFER. _990723 |
||
| 245 |
_aSAFER HOMES STRONGER COMMUNITIES / _cJENNIFER STEPHEN. |
||
| 260 |
_aWASHINGTON ; _c2010. |
||
| 300 | _a370 P. ; | ||
| 942 |
_2ddc _cBK |
||
| 999 |
_c588939 _d588939 |
||